00389nam a22001337a 4500008004100000040001800041041000800059100003100067245005000098260004500148300001700193650002400210650002100234130821s1928 fr gr fre  aCo-BoUCMbspa00afre aGiraudoux, JeanD1882-194400aSiegfriedbPièce en 4 actescJean Giraudoux aParís (Francia)bBernard Grassetc1928 a221páginas04aLiteratura francesa04aTeatro francés